00973nam a2200217 4500001000700000003000900007005001700016007000300033008004100036100003400077245017500111260006300286300003100349490004900380710005800429710004800487830004700535852003200582999001900614952012200633138351ES-MaACL20250815074506.0t|070214s1965 sp r ||||1| spa d1 aSancho Gómez, Juan.910304013aLa cultura científica b: conferencias pronunciadas en el Colegio Mayor José Antonio de Madrid en los días 15, 16 y 17 de diciembre de 1964 / cJuan Sancho Gómez. aMadrid : bInstituto de Formación Universitaria, c1965. a61 p., 2 lám. ; c24 cm.1 aAula I . El arbol humano de la ciencia ; v52 aInstituto de Formación Universitaria (Madrid)949482 aColegio Mayor José Antonio (Madrid)9292803aEl árbol humano de la cienciav59220153 aES-MaACLjC-28020 bR.57243 c138351d138351 00104070aATENEOMbATENEOMcDEPO2d2008-01-17eSCl0oC-28020p1143963r2023-02-23 00:00:00w2023-02-23yMONOGRAFIA